La plenitud de la justicia en san Alfonso María de Ligorio /

Breve conferencia que expone la actitud del santo y abogado italiano Alfonso María de Ligorio, también fundador de la orden de los redentoristas, acerca de la justicia y la moral.

Kaydedildi:
Detaylı Bibliyografya
Yazar: Cibils, José Rubén (autor)
Materyal Türü: Kitap
Dil:İspanyolca
Baskı/Yayın Bilgisi: Santa Fe, Argentina : Universidad Nacional del Litoral, Instituto Social, 1947, c1947
Konular:
Etiketler: Etiketle
Etiket eklenmemiş, İlk siz ekleyin!

MARC

LEADER 00000nam^a2200000^a^4500
001 000122349
005 20250521000000.0
009 20260310094459.37
037 |a Acervo ITESO - Biblioteca 
041 |a ESP 
082 |a 340. 11  |b CIB 
100 |a Cibils, José Rubén  |e (autor) 
245 1 3 |a La plenitud de la justicia en san Alfonso María de Ligorio /  |c J.R. Cibils. 
264 4 |a Santa Fe, Argentina :  |b Universidad Nacional del Litoral, Instituto Social,  |c 1947, c1947 
300 |a 21 p. 
336 |a texto  |b txt  |2 rdacontenido 
337 |a sin mediación  |b n  |2 rdamedio 
338 |a volumen  |b nc  |2 rdasoporte 
520 |a Breve conferencia que expone la actitud del santo y abogado italiano Alfonso María de Ligorio, también fundador de la orden de los redentoristas, acerca de la justicia y la moral. 
649 |a XX 
650 |a Santos 
650 |a Religiosos Italianos 
650 |a Abogados Italianos 
650 |a Justicia e Injusticia 
650 |a Etica Jurídica 
650 |a Derecho y Etica 
650 |a Religión y Derecho 
650 |a Derecho -  |x Filosofía 
650 |a Alfonso, de Ligorio, Santo 
910 |a Fondo Salvador Reynoso Reynoso 
920 |a Impresos - Libros 
930 |a Fondos Especiales 
905 |a 112 
901 |a 0800006624  |b IT2  |c ESP  |u 20250521 
902 |a https://opac.biblio.iteso.mx/vufind/Record/000122349